00764nam a2200241 i 4500001001000000003000900010005001700019007000300036008004100039040003000080041000800110082002400118100003300142245004200175264004900217300004400266336002700310337003300337338002800370500007400398650002400472650002600496000045296DO-SdBNP20250218093409.0ta150225s1986 dr a 000 0 spa d aDO-SdBNPbspacBNPHUerda hspa aRD861.44bA696v2221 aArias, Aurora,d1962-eautor10aVivienda de Pájaro /cAurora Arias. aSanto Domingo :bLa Trulla Ediciones,c1986. a57 páginas :bilustraciones ;c18 cm. ardacontentbtexto2txt ardamediabsin mediación2n ardacarrierbvolumen2nc aIncluye datos biográficos de la autora en la solapa de la cubierta. 4aPoesía dominicana 4aLiteratura dominicana